000
00237 a2200097 4500
001
55648
100
_a
245
_a
Problem solving and program design in C
260
_a
Massachusetts
_b
Ad. Wesley
_c
1996
090
_c
34522
_d
34522
942
_a
NUST-CAE
_c
MONOGRAPH
_c
27250
999
_c
290721
_d
290721